02284nam a22002417a 450000500170000000800410001702000150005804000070007304100120008008200180009210000230011024500330013326000650016630000300023136500510026152014650031265000230177765000360180065000370183694200120187399900190188595201380190420260310112141.0260129b |||||||| |||| 00| 0 eng d a0070436258 cAL aEnglish a658.054bNATN aDhruv Nath9258397 aNuts and bolts of E Commerce aNew DelhibTata Mcgraw-Hill Publishing Company Limitedc2006 axviii,184p.bPBc24x18cm. aIN-1719b₹295.10c₹d₹450.00f14-01-2026 aKey Features: What is packet switching? The TCP/IP suite of protocols Internet addressing The magic of Java Server side languages Component based development Application Servers Encryption Digital Certificates?and more About the Author: DHRUV NATH Dr Dhruv Nath is a Professor at one of the leading Business Schools in India. He has a B.Tech. in Electrical Engineering as well as a Ph.D. from IIT Delhi. Subsequently, he spent nearly 20 years with the Indian Software Industry, where he worked in senior positions in diverse areas such as e-Business Consulting, CRM, and Information Systems Planning and Development. Dr Nath moved from industry to academics in 2002. Dr Nath has been a consultant to several organisations such as Hindustan Unilever, Glaxo, Gillette, Nestle, Indian Oil Corporation, Bajaj Auto, Air India, and Thermax, as well as, to the Prime Minister of Namibia and the Chief Minister of Delhi. Dr Nath has written two other books, 'The Nuts and Bolts of E-Commerce', and 'The Nuts and Bolts of CRM', both published by Tata McGraw Hill. He can be contacted at dhruvn55@hotmail.com or dhruvn55@gmail.com. Table of Content: 1. The Wonderful World Wide Web 2. Internet Addressing using IP Addresses 3. Packet Switching 4. The Domain Name System or `DNS? 5. The Need for Databases 6. Java ! 7. The Profitability Problem 8. The Need for Server Side Computing 9. The Need for Components 10. Application Servers 11. Security Concerns on the Internet aE-Commerce9253041 aInternet Infrastructure9253042 aE-Business Technologies:9253043 2ddccBK c240836d240836 00102ddc40708MANaALbALcSKd2026-01-23eamazon.ing295.10l0o658.054 NATNp078078r2026-01-29 09:43:42v450.00w2026-01-14yBK